All the team who never play at UEFA Euro - Statistics

General Stats
  • This quiz has been taken 187 times
    85 since last reset
  • The average score is 18 of 23
Answer Stats
National Team % Correct
San Marino
92%
Lithuania
91%
Andorra
89%
Estonia
89%
Finland
89%
Armenia
88%
Moldova
87%
Luxembourg
85%
Cyprus
84%
Kosovo
84%
Liechtenstein
84%
Belarus
83%
Georgia
81%
Malta
81%
Montenegro
81%
Macedonia
79%
Azerbaijan
77%
Israel
77%
Gibraltar
72%
Bosnia&Hertzegovina
71%
Kazakhstan
67%
Faroe Islands
64%
East Germany
17%
No matching quizzes found
Score Distribution
Percent of People with Each Score
Percentile by Number Answered
Your Score History
You have not taken this quiz since the last reset